000 00364nam a22001697a 4500
005 20160614143506.0
008 160614b xxu||||| |||| 00| 0 eng d
020 _a81-203-1616-9
041 _aeng
082 _b7466
100 _aKevin, S
_9376
245 _aPortfolio Management
260 _bPHI
300 _a163
650 _aManagement
_9241
942 _cBK
999 _c2670
_d2669